[Event "1. Bamberg-Open 2018"]
[Site "Bamberg"]
[Date "2018.05.10"]
[Round "2"]
[White "Donchenko, Alexander"]
[Black "Friedel, Marcus"]
[Result "1/2-1/2"]
[WhiteElo "2587"]
[BlackElo "2190"]
[Annotator "TA"]
[PlyCount "94"]
[EventDate "2018.??.??"]
[EventType "swiss"]
[EventCountry "GER"]
[SourceTitle "playchess.com"]
[Source "ChessBase"]
[SourceQuality "1"]

{[%evp 14,94,29,14,27,22,20,-1,8,7,8,-12,3,0,2,0,10,10,13,0,5,0,-5,0,21,22,32,22,54,33,47,43,48,47,88,92,93,93,91,107,97,102,108,85,87,87,95,71,71,16,74,75,85,47,77,62,75,58,62,29,29,29,29,29,35,29,29,29,29,29,122,30,31,20,93,0,0,0,0,0,0,0,0]} 1. Nf3 d5 2. g3 Nf6 3. Bg2 c6 4. O-O Bg4 5. h3 Bxf3 6. exf3 {A07: Réti Opening: New York and Capablanca Systems} (6. Bxf3 e5 7. d3 Bd6 8. e4 O-O 9. Nc3 Bb4 10. Bd2 dxe4 11. dxe4 Nbd7 12. a3 Be7 13. Kg2 Nc5 14. b4 {0-1 (85) Yu,Y (2751)-Andreikin,D (2712) Huaian 2017}) 6... Nbd7 7. f4 e6 8. d3 {LiveBook: 6 Games. White has an edge.} g6 9. b3 $146 ({Predecessor:} 9. Nd2 Bg7 10. Nf3 O-O 11. c3 Ne8 12. Qc2 Nd6 13. Re1 Nf5 14. Bd2 {½-½ (34) Rojicek,V (2393)-Petrik,T (2470) Czech Republic 2018}) 9... Bg7 10. Ba3 Ng8 11. c3 Ne7 12. Qc2 O-O 13. Nd2 Re8 14. Rfe1 Qc7 15. Nf3 Rad8 16. h4 h5 17. Re2 Nf5 18. Bh3 Bf6 19. Rae1 Qb8 20. d4 Kg7 21. Qd3 a5 22. Ng5 {[%cal Rg5e6]} Nf8 23. Kf1 b5 24. Bxf5 $1 exf5 {[#]} 25. Be7 $1 Rxe7 26. Rxe7 Bxe7 27. Rxe7 Rd7 28. Qe3 Qd6 29. Re8 b4 30. Ra8 Re7 31. Qd2 (31. Qc1 $16) 31... bxc3 (31... Nh7 $1 $11) 32. Qxc3 $16 Qb4 33. Qxb4 (33. Qxc6 {with more complications.} Qe1+ 34. Kg2 Re2 35. Nh3 Rxa2 36. Qxd5 Qe4+ 37. Qxe4 fxe4 38. Kf1) 33... axb4 {[%mdl 4096] Endgame KRN-KRN} 34. Ra4 Rb7 $1 35. Ra6 Rc7 36. Rb6 f6 37. Nf3 Ra7 $1 38. Rxc6 Rxa2 39. Rc7+ Kg8 40. Rb7 Rc2 41. Rxb4 Rc3 {[#]} (41... Ne6 $1 $11) 42. Ne1 (42. Ng1 $1 $16) 42... Ne6 $1 $11 43. Ng2 {And now Ne3 would win.} Rd3 (43... Rc1+ $11 {keeps the balance.} 44. Ke2 Rb1) 44. Ke2 ({White should try} 44. Ne3 $16) 44... Rxb3 $1 {The position is equal.} ({Much worse is} 44... Rxd4 $6 45. Rb8+ Kf7 46. f3 $16) 45. Ra4 Rb2+ 46. Kf3 Rd2 47. Ke3 Rd1 {Precision: White = 47%, Black = 50%.} 1/2-1/2

[Event "1. Bamberg-Open 2018"]
[Site "Bamberg"]
[Date "2018.05.10"]
[Round "2"]
[White "Mons, Leon"]
[Black "Pfadenhauer, Johannes"]
[Result "1-0"]
[WhiteElo "2551"]
[BlackElo "2167"]
[Annotator "TA"]
[PlyCount "59"]
[EventDate "2018.??.??"]
[EventType "swiss"]
[EventCountry "GER"]
[SourceTitle "playchess.com"]
[Source "ChessBase"]
[SourceQuality "1"]

{[%evp 15,59,0,7,-31,0,9,22,21,43,23,33,7,12,22,29,-4,0,3,2,-5,-4,-7,-8,-23,-7,-7,-7,-15,0,-50,19,-6,0,-9,65,71,62,40,93,89,169,143,370,360,29990,29991]} 1. d4 Nf6 2. Nf3 g6 3. Nbd2 d5 4. b4 Bg7 5. e3 O-O 6. c4 a5 {D02: 1 d4 d5 2 Nf3 sidelines, including 2...Nf6 3 g3 and 2...Nf6 3 Bf4} (6... c6 7. a4 Bf5 8. Bb2 Ne4 9. Nxe4 Bxe4 10. Nd2 Bf5 11. Be2 Nd7 12. O-O e5 13. cxd5 cxd5 14. Nf3 {½-½ (37) Grachev,B (2628)-Rakhmanov,A (2662) Sochi 2016}) 7. b5 c5 8. bxc6 Nxc6 {LiveBook: 5 Games. The position is equal.} 9. Be2 {[%cal Bf1e2,Be2f3,Bf3e4][%mdl 32]} Bf5 {White should prevent ...Nb4.} 10. O-O Ne4 $146 {[#] Threatens to win with ...Nc3.} ({Predecessor:} 10... Nb4 11. Qb3 Bc2 12. Qb2 Qc7 13. a3 {1-0 (53) Moskalenko,A (2464)-Gabrielian,A (2520) Sochi 2016}) 11. Nxe4 Bxe4 12. Nd2 Bf5 13. cxd5 Qxd5 14. Bf3 Qd6 15. Ne4 Bxe4 16. Bxe4 e5 {[%cal Re5d4]} 17. Rb1 exd4 18. Rxb7 Qe6 19. f3 Rab8 20. Rxb8 Rxb8 21. Qa4 Nb4 {And now ...f5 would win.} 22. a3 f5 ({Black should try} 22... Nd5 $15) 23. Bb1 $36 {[%mdl 2048] White has good play.} Nc6 ({Of course not} 23... dxe3 $6 24. axb4 axb4 25. Bd3 $16) 24. Qc2 {aiming for Ba2.} Rxb1 (24... Kh8 $11 25. Ba2 Qe8) 25. Qxb1 $14 {exd4 is the strong threat.} dxe3 {Strongly threatening ...e2.} 26. Re1 f4 (26... Bc3 $14 27. Bxe3 Bxe1 28. Qxe1 f4) 27. Bb2 $16 Qd5 {[#]} (27... h5 $16 {is a better defense.}) 28. Rd1 $1 $18 {[%cal Rd1d5]} Qc4 $2 (28... Nd4 $16 {might work better.}) 29. Rc1 Qe2 $2 (29... Qb3 $18) 30. Qa2+ {Precision: White = 61%, Black = 27%.} 1-0

[Event "1. Bamberg-Open 2018"]
[Site "Bamberg"]
[Date "2018.05.10"]
[Round "2"]
[White "Danin, Alexandre"]
[Black "Walther, Cliff"]
[Result "1-0"]
[WhiteElo "2537"]
[BlackElo "2162"]
[Annotator "TA"]
[PlyCount "61"]
[EventDate "2018.??.??"]
[EventType "swiss"]
[EventCountry "GER"]
[SourceTitle "playchess.com"]
[Source "ChessBase"]
[SourceQuality "1"]

{[%evp 16,61,50,37,94,85,98,99,111,77,114,101,103,105,97,97,103,110,112,116,118,111,144,90,120,123,134,103,117,89,125,126,107,129,168,127,228,220,221,194,217,211,291,301,456,423,481,350]} 1. e4 c5 2. Nf3 d6 3. d4 cxd4 4. Nxd4 Nf6 5. Nc3 a6 6. Be2 e5 7. Nb3 Be6 8. f4 exf4 {B92: Sicilian Najdorf: 6 Be2} 9. Bxf4 {LiveBook: 29 Games} Qb6 (9... Nc6 $14) (9... Nc6 10. Qd2 Be7 11. O-O-O Ne5 12. Nd4 Qa5 13. Nxe6 fxe6 14. g4 O-O 15. g5 Nh5 16. Be3 {½-½ (61) Bakalchuk,J (2398)-Dvoirys,S (2539) Herzliya 2017}) 10. Qd2 Nbd7 {White is better.} 11. O-O-O $146 ({Predecessor:} 11. Be3 Qc7 12. O-O Ne5 13. Nd4 Bc4 14. b3 Bxe2 15. Ndxe2 Be7 16. Ng3 {1-0 (28) Babic,Z (1621)-Murphy,P (1280) Melbourne 2001}) 11... Ne5 12. h3 Be7 13. g4 h6 14. Nd4 Qa5 15. Nf5 Bxf5 16. exf5 O-O-O 17. Kb1 Kb8 18. Qd4 Rc8 19. Bd2 (19. Be3 $142 {Qa7+ is the strong threat.} Rxc3 20. Qxc3 (20. bxc3 Nc6 $16) 20... Qxc3 21. bxc3) 19... Nc6 20. Qf4 Qc7 21. h4 Ne5 22. Qa4 Qc6 23. Qxc6 Rxc6 24. g5 Ne8 25. Bf4 f6 (25... Nc7 $16 26. gxh6 gxh6) 26. gxh6 $18 gxh6 27. Rhg1 {[%cal Bh1g1,Bg1g2,Bg2g8,Bg8g7][%mdl 32]} Nc7 28. Rg2 b5 29. Rdg1 Rh7 (29... Kb7 {was called for.} 30. Rg7 Bd8 31. Bxe5 fxe5) 30. Rg8+ Ka7 31. R8g7 {Precision: White = 68%, Black = 45%.} 1-0

[Event "1. Bamberg-Open 2018"]
[Site "Bamberg"]
[Date "2018.05.10"]
[Round "2"]
[White "Karpatchev, Aleksandr"]
[Black "Krauseneck, Peter"]
[Result "1-0"]
[WhiteElo "2463"]
[BlackElo "2148"]
[Annotator "TA"]
[PlyCount "87"]
[EventDate "2018.??.??"]
[EventType "swiss"]
[EventCountry "GER"]
[SourceTitle "playchess.com"]
[Source "ChessBase"]
[SourceQuality "1"]

{[%evp 9,87,19,122,63,121,87,115,106,127,125,112,122,158,149,145,145,155,155,989,323,317,221,237,231,231,229,229,220,225,236,232,161,252,235,209,193,209,203,206,198,205,160,170,169,160,173,151,145,161,120,147,143,151,119,153,7,141,139,174,174,158,158,233,225,559,264,264,259,589,533,507,529,484,455,529,521,505,483,850,828]} 1. e4 e6 2. d4 b6 3. Nc3 Bb7 4. Bd3 c5 5. Nf3 (5. d5 Nf6 6. Nf3 exd5 7. exd5 Be7 8. Bc4 d6 9. O-O O-O 10. Re1 a6 11. a4 Nbd7 12. Bg5 Re8 {½-½ (50) Kollars,D (2502)-Manolache,M (2496) Budapest 2017}) 5... d6 (5... cxd4 $11 {remains equal.} 6. Nxd4 Nc6 7. Nxc6 dxc6) 6. O-O {B00: Queen's Fianchetto Defence, Nimzowitsch Defence} (6. d5 $16) 6... Nf6 ({Black should try} 6... cxd4 $1 $14 7. Bb5+ (7. Nxd4 Nd7 $14) 7... Nd7 8. Qxd4 e5 9. Nxe5 dxe5 10. Qxe5+ Be7) 7. Bb5+ Nfd7 $146 ({Predecessor:} 7... Nbd7 8. dxc5 bxc5 9. e5 Ng8 10. exd6 Rc8 11. Ne5 {1-0 (25) Husemann,A (2084)-Salinas,E (754) LSS email 2011}) 8. dxc5 {White is better.} dxc5 9. Ne5 $1 {Black must now prevent Qh5.} a6 10. Qh5 $1 {[%csl Ge5][%cal Rh5f7]} ({Much worse is} 10. Bg5 $6 Be7 $11) 10... Qf6 11. Nxd7 Nxd7 12. Bxd7+ Kxd7 13. Rd1+ $1 Kc8 $2 (13... Ke8 $16) 14. Na4 $2 (14. Bg5 g6 15. Qh4) 14... e5 $18 15. Qf5+ Qxf5 16. Nxb6+ ({Inferior is} 16. exf5 Kc7 $15) 16... Kb8 17. exf5 Ra7 18. Nd7+ Kc8 19. Be3 Be4 20. Nxe5 f6 (20... Bxf5 $142 21. Rd2 Re7) 21. Nc4 $1 Bxf5 22. Rd2 Be6 23. Rad1 Be7 24. Nb6+ Kb7 25. Na4 Kc6 26. b4 {[%cal Ra4c5]} Bxa2 27. Bxc5 Bxc5 28. bxc5 Rc7 29. c3 Bc4 30. Rb1 {[%csl Gc5][%cal Rd2d6]} Re7 31. f3 Rhe8 32. Rd6+ Kc7 {[#]} 33. Nb6 $1 {[%cal Rb6c4]} Re1+ 34. Rxe1 Rxe1+ {[%mdl 4096] Endgame KRB-KRN} 35. Kf2 Rf1+ (35... Re2+ $16 36. Kf1 Re4+ 37. Nxc4 Rxc4) 36. Kg3 Bb5 $2 (36... Bg8 37. Na8+ Kb7 38. c6+ Kxa8) 37. c4 (37. Nd5+ $142 Kc8 {[#]} 38. c4 $1 {[%mdl 512]} Bxc4 39. Nb6+ Kc7 40. Nxc4) 37... Bc6 38. Nd5+ Kb7 $2 (38... Bxd5 {is a better chance.} 39. cxd5 a5) 39. Nb4 {White is clearly winning.} Be8 40. Rb6+ Kc8 41. Rxa6 Bf7 42. Nd5 Rd1 43. Rd6 Rc1 (43... Bxd5 $142 44. cxd5 Kc7) 44. Nb6+ {Precision: White = 66%, Black = 55%.} 1-0

[Event "1. Bamberg-Open 2018"]
[Site "Bamberg"]
[Date "2018.05.10"]
[Round "2"]
[White "Keymer, Vincent"]
[Black "Link, Oliver"]
[Result "1-0"]
[WhiteElo "2443"]
[BlackElo "2127"]
[Annotator "TA"]
[PlyCount "75"]
[EventDate "2018.??.??"]
[EventType "swiss"]
[EventCountry "GER"]
[SourceTitle "playchess.com"]
[Source "ChessBase"]
[SourceQuality "1"]

{[%evp 15,75,27,54,43,49,45,50,41,102,56,101,105,108,109,139,129,169,172,169,161,169,117,192,187,203,212,205,195,277,265,367,226,667,238,238,244,313,324,322,319,303,302,338,337,616,609,554,354,426,416,479,508,493,468,729,734,700,679,2314,2250,1830,1414]} 1. d4 Nf6 2. c4 d6 3. Nf3 g6 4. g3 Bg7 5. Bg2 O-O 6. Nc3 Nbd7 7. O-O c6 8. b3 Qa5 {LiveBook: 4 Games} 9. Bd2 {E67: King's Indian: Fianchetto: 6...Nbd7} Qc7 10. Rc1 $146 ({Predecessor:} 10. h3 e5 11. e4 Re8 12. Be3 exd4 13. Nxd4 Nc5 14. f3 a5 15. Qd2 b6 16. Rad1 Bb7 17. Nde2 Rad8 18. Bf4 Bf8 19. g4 Qe7 {1-0 (37) Paehtz,E (2479)-Nicoara,M (2094) Montpellier 2015}) 10... e5 11. d5 {White is slightly better.} c5 (11... cxd5 $14 12. cxd5 (12. Nxd5 Nxd5 13. cxd5 Qb8 $11) 12... Qd8) 12. Ne1 Nh5 13. e4 Ndf6 14. Nd3 Bd7 15. h3 Qc8 16. g4 Nxg4 17. hxg4 Bxg4 18. f3 (18. Qe1 $18) 18... Bh3 (18... Bd7 $16 19. Qe1 a6) 19. Qe1 $18 Bxg2 20. Kxg2 f5 21. exf5 Qxf5 (21... Rxf5 $142 22. Qh4 Qd7) 22. Ne4 Bf6 23. Bh6 Rf7 $2 {[#]} (23... Bg7) 24. Qe3 $2 (24. Nxd6 Qxd3 25. Rd1) 24... Be7 25. Ndf2 Nf4+ 26. Bxf4 exf4 27. Qc3 h5 28. Rh1 Re8 29. Rce1 Rd8 $2 (29... Ref8 30. Qa5 Ra8) 30. Ng4 {[#] aiming for Nh6+.} Kh7 31. a3 Rdf8 32. b4 b6 33. bxc5 {White is clearly winning.} bxc5 34. Rb1 Rg7 (34... Qd7 $142 35. Rb5 Qd8) 35. Rb7 Rff7 36. Rxa7 Bg5 37. Rxf7 Rxf7 38. Nxd6 {Precision: White = 85%, Black = 25%.} 1-0

[Event "1. Bamberg-Open 2018"]
[Site "Bamberg"]
[Date "2018.05.10"]
[Round "2"]
[White "Scholz, Christian"]
[Black "Chennaoui, Yasin"]
[Result "1-0"]
[WhiteElo "2388"]
[BlackElo "2103"]
[Annotator "RC"]
[PlyCount "60"]
[EventDate "2018.??.??"]
[EventType "swiss"]
[EventCountry "GER"]
[SourceTitle "playchess.com"]
[Source "ChessBase"]
[SourceQuality "1"]
[TimeControl "40/5400+30:900+30"]

1. d4 {[%emt 0:00:00]} Nf6 {[%emt 0:00:11]} 2. c4 {[%emt 0:00:00]} e6 {[%emt 0:00:06]} 3. Nf3 {[%emt 0:00:14]} d5 {[%emt 0:00:18]} 4. Bg5 {[%emt 0:00:47]} Be7 {[%emt 0:00:37]} 5. cxd5 {[%emt 0:00:19]} exd5 {[%emt 0:00:34]} 6. Qc2 {[%emt 0:00:12]} c6 {[%emt 0:01:04]} 7. e3 {[%emt 0:00:20]} Nbd7 {[%emt 0:01:38]} 8. Bd3 {[%emt 0:00:14]} Nh5 {[%emt 0:04:14]} 9. Bxe7 {[%emt 0:04:10]} Qxe7 {[%emt 0:00:07]} 10. O-O {[%emt 0:04:48]} g6 {[%emt 0:01:53]} 11. e4 {[%emt 0:08:16]} dxe4 {[%emt 0:05:45]} 12. Bxe4 {[%emt 0:00:06]} O-O {[%emt 0:02:04]} 13. Re1 {[%emt 0:01:37]} Qd6 {[%emt 0:16:03]} 14. Nbd2 {[%emt 0:07:20]} Nb6 {[%emt 0:02:07]} 15. a4 {[%emt 0:02:10]} Bg4 {[%emt 0:07:18]} 16. a5 {[%emt 0:03:50]} Bxf3 {[%emt 0:05:33]} 17. Bxf3 {[%emt 0:01:02]} Nd5 {[%emt 0:01:06]} 18. Ne4 {[%emt 0:08:36]} Qf4 {[%emt 0:02:04]} 19. a6 {[%emt 0:05:56]} Nb4 {[%emt 0:13:34]} 20. Qb3 {[%emt 0:02:19]} Nxa6 {[%emt 0:03:06]} 21. Bxh5 {[%emt 0:01:24]} gxh5 {[%emt 0:01:03]} 22. Qxb7 {[%emt 0:00:07]} f5 {[%emt 0:01:08]} 23. Nf6+ {[%emt 0:00:07]} Rxf6 {[%emt 0:00:34]} 24. Qxa8+ {[%emt 0:00:06]} Rf8 {[%emt 0:02:21]} 25. Re8 {[%emt 0:00:12]} Nb8 {[%emt 0:00:27]} 26. Rxf8+ {[%emt 0:00:14]} Kxf8 {[%emt 0:00:07]} 27. g3 {[%emt 0:00:08]} Qd6 {[%emt 0:00:51]} 28. Rxa7 {[%emt 0:00:13]} Ke8 {[%emt 0:00:07]} 29. Rb7 {[%emt 0:00:13]} Kd8 {[%emt 0:00:07]} 30. Rxb8+ {[%emt 0:00:12]} Qxb8 {[%emt 0:00:07]} 1-0

[Event "1. Bamberg-Open 2018"]
[Site "Bamberg"]
[Date "2018.05.10"]
[Round "2"]
[White "Gegenfurtner, Juergen"]
[Black "Roehl, Rainer"]
[Result "1-0"]
[WhiteElo "2289"]
[BlackElo "2080"]
[Annotator "NA"]
[PlyCount "69"]
[EventDate "2018.??.??"]
[EventType "swiss"]
[EventCountry "GER"]
[SourceTitle "playchess.com"]
[Source "ChessBase"]
[SourceQuality "1"]
[TimeControl "40/5400+30:900+30"]

{[%evp 8,54,25,32767,32767,32767,32767,32767,32767,32767,32767,32767,32767,89,106,122,121,122,134,77,81,86,159,164,156,156,166,158,170,147,147,103,150,139,144,154,157,125,132,8,14,2,10,0,64,54,72,43,109]} 1. e4 {[%emt 0:00:00]} c5 {[%emt 0:00:06]} 2. Nf3 {[%emt 0:00:00]} Nc6 {[%emt 0:00:25]} 3. d4 {[%emt 0:00:00]} cxd4 {[%emt 0:00:02]} 4. Nxd4 {[%emt 0:00:00]} e5 {[%emt 0:00:15] LiveBook: 5731 Games} 5. Nb5 a6 {[%emt 0:00:12]} 6. Nd6+ {[%emt 0:08:50]} Bxd6 {[%emt 0:00:04]} 7. Qxd6 {[%emt 0:00:06]} Qf6 {[%emt 0:00:08]} 8. Qd1 {[%emt 0:06:52]} Qg6 {[%emt 0:01:40]} 9. Nc3 {[%emt 0:00:52]} Nf6 {[%emt 0:00:09]} 10. Qd6 {[%emt 0:04:37]} Nh5 {[%emt 0:01:10] B32: Sicilian: Löwenthal and Kalashnikov Variations} 11. Qxg6 {[%emt 0:02:12]} hxg6 {[%emt 0:03:28]} 12. Be3 {[%emt 0:08:15]} Nf6 {[%emt 0:10:53]} 13. Bb6 $146 {[%emt 0:09:47]} ({Predecessor:} 13. Bc5 b5 14. a3 Bb7 15. O-O-O O-O-O 16. Be2 Nb8 17. Bf3 d5 18. exd5 {1-0 (28) Yagupov,I (2512)-Domogaev,S (2340) Tula 2005}) 13... d6 {[%emt 0:10:07]} 14. O-O-O {[%emt 0:01:03]} Be6 {[%emt 0:01:39]} (14... Ke7 $142) 15. Rxd6 {[%emt 0:01:39]} Nd7 {[%emt 0:00:34]} 16. Be3 {[%emt 0:03:28]} Ke7 {[%emt 0:00:06]} 17. Rd2 {[%emt 0:01:14]} f5 {[%emt 0:03:38]} 18. Bg5+ {[%emt 0:08:53]} Nf6 {[%emt 0:05:47]} 19. Be2 {[%emt 0:09:08]} (19. f4 $18) 19... Rac8 {[%emt 0:06:38]} 20. f4 {[%emt 0:03:57]} Kf7 {[%emt 0:03:08]} 21. Bf3 {[%emt 0:02:39]} Nh7 {[%emt 0:04:44]} 22. Bh4 {[%emt 0:10:55]} exf4 {[%emt 0:02:11]} 23. Re1 {[%emt 0:00:24]} (23. exf5 $16 gxf5 24. Re1) 23... g5 $1 {[%emt 0:02:25]} 24. Bf2 {[%emt 0:04:05]} Nf6 {[%emt 0:02:00]} 25. h3 {[%emt 0:01:45]} g4 $14 {[%emt 0:07:38]} ({Black should try} 25... Rce8 $11) 26. exf5 {[%emt 0:00:06]} Bxf5 {[%emt 0:00:02]} 27. hxg4 {[%emt 0:00:07]} Nxg4 {[%emt 0:00:13]} 28. Bb6 {[%emt 0:03:47]} Nf6 {[%emt 0:04:04]} 29. Nd5 {[%emt 0:00:21]} Nxd5 {[%emt 0:00:56]} 30. Bxd5+ {[%emt 0:00:31]} Kg6 {[%emt 0:01:17]} 31. Bb3 {[%emt 0:02:02]} Rce8 {[%emt 0:03:40]} 32. Rf1 {[%emt 0:00:36]} Bg4 {[%emt 0:01:57]} 33. Rd6+ {[%emt 0:01:58]} Kg5 {[%emt 0:01:01]} 34. Rd5+ {[%emt 0:00:05]} Re5 {[%emt 0:04:11]} 35. Bc7 {[%emt 0:00:21]} 1-0

[Event "1. Bamberg-Open 2018"]
[Site "Bamberg"]
[Date "2018.05.10"]
[Round "2"]
[White "Schulz, Lukas"]
[Black "Boehme, Markus"]
[Result "1-0"]
[WhiteElo "2276"]
[BlackElo "2071"]
[Annotator "ChessBase"]
[PlyCount "79"]
[EventDate "2018.??.??"]
[EventType "swiss"]
[EventCountry "GER"]
[SourceTitle "playchess.com"]
[Source "ChessBase"]
[SourceQuality "1"]
[TimeControl "40/5400+30:900+30"]

1. e4 {[%emt 0:00:00]} e5 {[%emt 0:00:11]} 2. f4 {[%emt 0:00:00]} d5 {[%emt 0:00:25]} 3. exd5 {[%emt 0:00:11]} exf4 {[%emt 0:00:16]} 4. Nf3 {[%emt 0:00:26]} Nf6 {[%emt 0:00:45]} 5. Bb5+ {[%emt 0:00:16]} c6 {[%emt 0:00:36]} 6. dxc6 {[%emt 0:00:06]} Nxc6 {[%emt 0:00:18]} 7. d4 {[%emt 0:01:04]} Bd6 {[%emt 0:00:38]} 8. O-O {[%emt 0:01:02]} O-O {[%emt 0:00:12]} 9. c3 {[%emt 0:06:50]} Bg4 {[%emt 0:07:26]} 10. Nbd2 {[%emt 0:00:31]} Rc8 {[%emt 0:23:43]} 11. Bd3 {[%emt 0:13:54]} Re8 {[%emt 0:02:06]} 12. Re1 {[%emt 0:07:08]} Qd7 {[%emt 0:15:07]} 13. Ne4 {[%emt 0:06:05]} Nxe4 {[%emt 0:00:40]} 14. Rxe4 {[%emt 0:08:12]} Bf5 {[%emt 0:02:11]} 15. Rxe8+ {[%emt 0:00:40]} Rxe8 {[%emt 0:00:07]} 16. Qc2 {[%emt 0:00:44]} Ne7 {[%emt 0:08:12]} 17. Bd2 {[%emt 0:01:29]} Bxd3 {[%emt 0:01:03]} 18. Qxd3 {[%emt 0:00:04]} h6 {[%emt 0:03:38]} 19. Re1 {[%emt 0:02:33]} Nd5 {[%emt 0:05:48]} 20. Kf2 {[%emt 0:10:43]} Nf6 {[%emt 0:02:17]} 21. Kf1 {[%emt 0:13:37]} Rxe1+ {[%emt 0:04:00]} 22. Bxe1 {[%emt 0:01:59]} Qe6 {[%emt 0:02:30]} 23. c4 {[%emt 0:03:13]} g5 {[%emt 0:02:11]} 24. d5 {[%emt 0:03:37]} Qe3 {[%emt 0:10:13]} 25. Qxe3 {[%emt 0:00:55]} fxe3 {[%emt 0:00:05]} 26. g3 {[%emt 0:03:24]} b5 {[%emt 0:03:11]} 27. Bc3 {[%emt 0:04:19]} Ne8 {[%emt 0:02:58]} 28. cxb5 {[%emt 0:02:11]} Nc7 {[%emt 0:00:28]} 29. a4 {[%emt 0:00:56]} Bc5 {[%emt 0:01:52]} 30. Bd4 {[%emt 0:01:14]} Bxd4 {[%emt 0:01:27]} 31. Nxd4 {[%emt 0:00:04]} Nxd5 {[%emt 0:00:09]} 32. Ke2 {[%emt 0:00:37]} Kf8 {[%emt 0:00:36]} 33. Nc6 {[%emt 0:00:49]} Nb6 {[%emt 0:00:40]} 34. a5 {[%emt 0:01:10]} Nc8 {[%emt 0:00:55]} 35. Nxa7 Nxa7 {[%emt 0:00:01]} 36. b6 {[%emt 0:01:47]} Nc6 {[%emt 0:00:43]} 37. a6 {[%emt 0:00:08]} Nd4+ {[%emt 0:00:32]} 38. Kxe3 {[%emt 0:00:12]} Nf5+ {[%emt 0:00:25]} 39. Kd3 {[%emt 0:00:19]} Ne7 {[%emt 0:00:48]} 40. a7 {[%emt 0:00:08]} 1-0

[Event "1. Bamberg-Open 2018"]
[Site "Bamberg"]
[Date "2018.05.10"]
[Round "2"]
[White "Maier, Alexander"]
[Black "Voelz, Stephan"]
[Result "1-0"]
[WhiteElo "2267"]
[BlackElo "1917"]
[Annotator "NA"]
[PlyCount "37"]
[EventDate "2018.??.??"]
[EventType "swiss"]
[EventCountry "GER"]
[SourceTitle "playchess.com"]
[Source "ChessBase"]
[SourceQuality "1"]
[TimeControl "40/5400+30:900+30"]

{[%evp 14,37,-1,32767,38,52,35,35,25,49,66,43,89,62,107,56,87,70,116,32767,208,167,483,510,523,513]} 1. e4 c5 {[%emt 0:00:11]} 2. d4 {[%emt 0:02:22]} cxd4 {[%emt 0:00:26]} 3. c3 {[%emt 0:00:05]} Nf6 {[%emt 0:00:42]} 4. e5 {[%emt 0:00:13]} Nd5 {[%emt 0:00:09]} 5. Nf3 {[%emt 0:00:07]} d6 {[%emt 0:05:01]} 6. cxd4 {[%emt 0:02:33]} Nc6 {[%emt 0:02:57]} 7. Bc4 {[%emt 0:01:47]} Nb6 {[%emt 0:04:34]} 8. Bb5 {[%emt 0:01:26]} a6 {[%emt 0:06:07]} 9. Bxc6+ $1 {[%emt 0:03:09]} bxc6 {[%emt 0:03:30]} 10. Qc2 {[%emt 0:03:13] LiveBook: 7 Games B22: Sicilian: 2 c3} Bb7 {[%emt 0:05:33]} (10... Qc7 11. O-O d5 12. h3 a5 13. a4 Ba6 14. Re1 e6 15. b3 Bb4 16. Bd2 Nd7 17. Bxb4 axb4 {0-1 (33) Cherniaev,A (2431)-Smeets,J (2593) London 2008}) 11. e6 {[%emt 0:21:10]} f6 {[%emt 0:07:07]} 12. Nc3 $146 {[%emt 0:11:57]} ({Predecessor:} 12. O-O g6 13. h4 Qc8 14. Re1 c5 15. Qb3 Qc6 16. dxc5 dxc5 17. Nc3 Rd8 {1-0 (28) Kusenkova,N (2047)-Revo,T (2038) Minsk 2011}) 12... Qc7 {[%emt 0:08:11]} 13. a4 {[%emt 0:12:27]} Rc8 {[%emt 0:12:24]} 14. Qd3 {[%emt 0:08:09]} (14. a5 $16 Nd5 15. O-O) 14... Nd5 {[%emt 0:07:00]} 15. Nxd5 {[%emt 0:04:12]} cxd5 {[%emt 0:00:07]} 16. O-O {[%emt 0:00:21]} Qc2 {[%emt 0:04:05]} (16... g6 $16) 17. Qa3 {[%emt 0:01:25]} Rc4 $2 {[%emt 0:01:58]} (17... g5 $16) 18. Bd2 {[%emt 0:04:16]} Bc8 $18 {[%emt 0:04:19]} 19. b3 {[%emt 0:00:51]} 1-0